| 000 | 00698nam a22001937a 4500 | ||
|---|---|---|---|
| 999 |
_c148594 _d148594 |
||
| 005 | 20230209103619.0 | ||
| 010 | _aUR-9986 | ||
| 020 |
_a9789386624369 _c300.00 |
||
| 035 | _aU-8541 | ||
| 037 | _bDBAD/PUB | ||
| 082 | _a841.08 | ||
| 100 | _aمحسن جلگا نو ی | ||
| 245 |
_aجد ید شا عر ی کی نما یند ہ آ و ا ز یں / _cمحسن جلگا نو ی |
||
| 246 |
_bJadeed Shairi Ki Numainda Aawazen / _aby Mohsin Jalganvi |
||
| 260 |
_aDelhi _bEducational Publishing House _c2017 ء |
||
| 270 |
_a3191, Vakil Street, Kucha Pandit, Lal Kuan, _bDelhi _e110006 _k23216162 _l- |
||
| 300 |
_a276 ص _c22cm(Hb) |
||
| 942 |
_2ddc _cUR _h841.08 _mم ح س |
||